|
|
|
|
| LEADER |
00662nab a2200181 i 4500 |
| 001 |
acta13520 |
| 005 |
20210412125938.0 |
| 008 |
161015s1943 hu o 0|| ger d |
| 022 |
|
|
|a 0001-6969
|
| 040 |
|
|
|a SZTE Egyetemi Kiadványok Repozitórium
|b hun
|
| 041 |
|
|
|a ger
|
| 100 |
2 |
|
|a Szőkefalvi-Nagy Gyula
|
| 245 |
1 |
0 |
|a Über die reellen Nullstellen gewisser Polynome mit Parametern
|h [elektronikus dokumentum] /
|c Szőkefalvi-Nagy Gyula
|
| 260 |
|
|
|c 1943
|
| 300 |
|
|
|a 36-41
|
| 490 |
0 |
|
|a Acta scientiarum mathematicarum
|v 10
|
| 695 |
|
|
|a Természettudomány, Matematika, Művelődés
|
| 856 |
4 |
0 |
|u http://acta.bibl.u-szeged.hu/13520/1/math_010_036-041.pdf
|z Dokumentum-elérés
|